00374nam a22001337a 4500003000400000005001700004008004100021040002200062082001400084100003100098245004900129260004300178300001900221OSt20221007190656.0221007b |||||||| |||| 00| 0 eng d cBiblioteca Lado V a750bK36i aKenny, Andreweorganizador aI Dentify/bLimerick School of Art + Design/ bLimerick Institute of Technologyc2001 a291p.c16x16cm